[Event "Moscow Aeroflot op-A 18th"]
[Site "Moscow"]
[Date "2019.02.25"]
[Round "7"]
[White "Nihal, Sarin"]
[Black "Praggnanandhaa, Rameshbabu"]
[Result "1-0"]
[WhiteElo "2578"]
[BlackElo "2532"]
[PlyCount "137"]
[EventDate "2019.02.20"]
[EventType "swiss"]
[EventRounds "9"]
[EventCountry "RUS"]
[SourceTitle "CBM 189"]
[Source "ChessBase"]
[SourceDate "2019.04.29"]
[SourceVersion "1"]
[SourceVersionDate "2019.04.29"]
[SourceQuality "1"]

1. d4 Nf6 2. c4 e6 3. Nc3 Bb4 4. Qc2 O-O 5. Nf3 d5 6. cxd5 exd5 7. Bg5 h6 8. Bh4 c5 9. dxc5 Nbd7 10. e3 Qa5 ({RR} 10... g5 11. Bg3 Nxc5 12. Be2 Nfe4 13. O-O Bxc3 14. bxc3 Bf5 15. Qb2 Qe7 16. Nd4 Bg6 17. c4 dxc4 18. Bxc4 Rac8 19. a4 h5 20. Nf3 Kh7 21. Rfd1 f6 22. h3 Nxg3 23. fxg3 Qxe3+ 24. Kh2 Qe7 25. Re1 {Chyndygyr,T (2231)-Scheglov,G (2336) Lipetsk RUS 2025 0-1 (35)}) 11. Be2 $146 ({RR} 11. Bd3 Ne4 12. O-O Bxc3 13. bxc3 Ndxc5 14. c4 Nxd3 15. Qxd3 Be6 16. cxd5 {½-½ (16) Vos,T (2130)-Lai,H (2320) Rotterdam 2016}) ({RR} 11. Bd3 Ne4 12. O-O Bxc3 13. bxc3 Ndxc5 14. Nd4 Nxd3 15. Qxd3 Re8 16. Rfc1 Bd7 17. c4 dxc4 18. Rxc4 Qd5 19. Rcc1 Rac8 20. Qa3 a6 21. f3 Nd6 22. Bf2 Nc4 23. Qd3 b5 24. e4 Qd6 25. Qb3 Qg6 {So,W (2812)-Carlsen,M (2832) Paris 2017 0-1 (48)}) ({RR} 11. Bd3 Ne4 12. O-O Bxc3 13. bxc3 Ndxc5 14. Be7 Re8 15. Bxc5 Qxc5 16. c4 Bf5 17. Nd4 dxc4 18. Bxc4 Rac8 19. Rfc1 Bg6 20. f3 b5 21. Bxb5 Nc3 22. Qxc3 Qa3 23. Qc2 Rxc2 {1-0 (23) Sakalauskas,V (2341)-Baginskaite,C (2057) Lithuania LTU 2024}) 11... Ne4 12. O-O Bxc3 13. bxc3 Ndxc5 14. Rfc1 Re8 15. Nd4 Bd7 16. c4 dxc4 17. Bxc4 Rac8 18. Qe2 Nd6 19. Bd5 Ne6 20. Bxe6 Bxe6 21. Bg3 Nf5 22. Nxe6 Rxc1+ 23. Rxc1 Rxe6 24. Bf4 Ne7 25. h3 Nc6 26. Rd1 Qa4 27. Rd2 Re8 28. Qg4 Qe4 29. Kh2 Qe6 30. Qd1 Qf6 31. Qg4 Qe6 32. Qd1 Qf6 33. Qb3 Rd8 34. Rxd8+ Nxd8 35. Qd5 Qe7 36. Kg3 Nc6 37. h4 Qe6 38. Qxe6 fxe6 39. Bd6 g6 40. Kf4 b5 41. g4 Kf7 42. h5 gxh5 43. gxh5 a5 44. Ke4 a4 45. f4 Kf6 46. a3 Kf7 47. Kd3 Kf6 48. e4 Kf7 49. Kc3 Kg7 50. Kd3 Kf7 51. Bc5 Ke8 52. Bd4 b4 53. axb4 Nxb4+ 54. Kc4 Nc2 55. Bf2 e5 56. Kc3 Na3 57. fxe5 Kf7 58. Be3 Kg7 59. Bb6 Kf7 60. Be3 Kg7 61. Bc5 Nb5+ 62. Kb4 Nc7 63. Kxa4 Ne6 64. Be3 Kf7 65. Bxh6 Nc5+ 66. Kb5 Nxe4 67. Bf4 Nf2 68. h6 Ng4 69. e6+ 1-0

[Event "19th Asian Continental"]
[Site "Delhi IND"]
[Date "2022.10.29"]
[Round "4.2"]
[White "Pranav, Anand"]
[Black "Praggnanandhaa, R.."]
[Result "0-1"]
[WhiteElo "2502"]
[BlackElo "2687"]
[PlyCount "88"]
[EventDate "2022.10.26"]

1. d4 Nf6 2. c4 e6 3. Nc3 Bb4 4. e3 O-O 5. Bd3 d5 6. cxd5 exd5 7. Nge2 Re8 8. Bd2 Bf8 9. Rc1 a5 10. O-O c6 ({RR} 10... Na6 11. f3 Nb4 12. Bb1 c5 13. dxc5 Bxc5 14. Nd4 Nc6 15. Nce2 Qb6 16. Qc2 Bxd4 17. Nxd4 Nxd4 18. exd4 Qxd4+ 19. Kh1 Bf5 20. Qc3 Qxc3 21. Bxc3 Bxb1 22. Rxb1 Red8 23. Rbd1 Ne8 24. Rd2 f6 25. Rfd1 {Seresin,F (2336)-Barp,A (2470) Vasto ITA 2024 ½-½ (41)}) 11. f3 b5 12. Nf4 $146 ({RR} 12. Ng3 Ba6 13. Nce2 b4 14. Bxa6 Rxa6 15. Qa4 Qd7 16. Qc2 c5 17. dxc5 Rc6 18. Qf5 Qa7 19. Nd4 Rxc5 20. Nge2 Nbd7 21. Rxc5 Bxc5 22. Rc1 a4 23. b3 axb3 24. axb3 g6 25. Qc2 Ra8 26. h3 Qb6 {Jobava,B (2702)-Mareco,S (2635) Doha 2016 1-0 (51)}) 12... Na6 13. Nce2 Bd7 14. g4 h6 15. Qe1 Bb4 16. Nc3 Bd6 17. Qf2 c5 18. Bxb5 cxd4 19. exd4 Nb4 20. Be2 Qb6 21. a4 Re7 22. Rcd1 Rae8 23. Bb5 Qb8 24. Bxd7 Nxd7 25. Nh5 Nf8 26. g5 Na2 27. Nxa2 Re2 28. Qh4 Rxh2 29. Qg4 Ng6 30. f4 Ree2 31. gxh6 Qd8 32. Nc3 Qh4 33. Qxe2 Rxe2 34. Nxe2 Qxh5 35. Rf2 Nh4 36. Rdf1 Qxh6 37. Ng3 Qf6 38. Bc3 g5 39. Ne2 gxf4 40. Kh1 f3 41. Ng1 Qh6 42. Bd2 Qh5 43. Nh3 Bg3 44. Rg1 Ng2 0-1

[Event "Paracin op-A 15th"]
[Site "Paracin"]
[Date "2022.07.14"]
[Round "7"]
[White "Predke, Alexandr"]
[Black "Praggnanandhaa, Rameshbabu"]
[Result "1/2-1/2"]
[WhiteElo "2688"]
[BlackElo "2648"]
[PlyCount "154"]
[EventDate "2022.07.08"]
[EventType "swiss"]
[EventRounds "9"]
[EventCountry "SRB"]
[SourceTitle "CBM 209 Extra"]
[Source "ChessBase"]
[SourceDate "2022.09.30"]
[SourceVersion "1"]
[SourceVersionDate "2022.09.30"]
[SourceQuality "1"]

1. d4 Nf6 2. c4 e6 3. Nc3 Bb4 4. e3 O-O 5. Bd3 d5 6. a3 Bxc3+ 7. bxc3 dxc4 8. Bxc4 c5 9. Nf3 Qc7 10. Be2 b6 11. Bb2 Bb7 12. O-O Nbd7 13. c4 Rac8 14. Nd2 Rfd8 15. Re1 Nf8 16. a4 Ng6 17. Bf1 ({RR} 17. a5 Ne4 18. a6 Ba8 19. Nxe4 Bxe4 20. Qb3 Qe7 21. f3 Ba8 22. Bf1 Qg5 23. Kh1 Nh4 24. Qc2 b5 25. d5 exd5 26. cxb5 d4 27. e4 c4 28. Qf2 d3 29. Bc3 Ng6 30. Qxa7 Qxb5 31. Reb1 Qe8 {Wagh,S (2315)-David,A (2469) La Plagne FRA 2025 1-0 (115)}) 17... Nh4 $146 ({RR} 17... cxd4 18. exd4 Qf4 19. Qe2 Qf5 20. Qd3 Qh5 21. Qg3 Qh6 22. Qe3 Qh5 23. a5 Nh4 24. Qf4 Ng6 25. Qg3 Nh4 26. d5 Nf5 27. Qf4 Qg6 28. axb6 axb6 29. Ra7 Nh5 30. Qe5 Ba8 31. Rc7 h6 32. Rxc8 {Bluebaum,M (2647)-Svane,R (2615) Goettingen 2022 1-0 (38)}) 18. Qe2 cxd4 19. exd4 Qd6 20. Qd3 Qf4 21. Qe3 Qf5 22. Rec1 Qg6 23. f3 Nf5 24. Qf2 Qh6 25. a5 Ne3 26. axb6 axb6 27. h3 Nxf1 28. Nxf1 Qf4 29. d5 exd5 30. Qxb6 Bc6 31. Bxf6 Qxf6 32. cxd5 Bxd5 33. Qxf6 gxf6 34. Ng3 Rxc1+ 35. Rxc1 Be6 36. Nh5 f5 37. Rc5 h6 38. Ng3 Kg7 39. Nxf5+ Bxf5 40. Rxf5 Kg6 41. Rc5 h5 42. Rc4 Rd2 43. Kh2 f6 44. Kg3 Ra2 45. Rb4 Rc2 46. Ra4 Rb2 47. Rd4 Ra2 48. Rc4 Rb2 49. Ra4 Rc2 50. Ra8 Kg7 51. h4 Rb2 52. Re8 Ra2 53. Re3 Kg6 54. Kh3 Ra1 55. Rd3 Rh1+ 56. Kg3 Kf5 57. Rd8 Kg6 58. Re8 Ra1 59. Kf4 Rh1 60. g3 Rf1 61. Rd8 Kg7 62. g4 hxg4 63. Kxg4 Rh1 64. f4 Kg6 65. Rg8+ Kh7 66. Rf8 Kg6 67. f5+ Kg7 68. Rd8 Kh6 69. Rd6 Rg1+ 70. Kh3 Rh1+ 71. Kg3 Rg1+ 72. Kh2 Rg4 73. Kh3 Kh5 74. Rxf6 Rxh4+ 75. Kg3 Kg5 76. Rg6+ Kxf5 77. Kxh4 Kxg6 1/2-1/2

[Event "Geza Hetenyi Mem 2023"]
[Site "Budapest HUN"]
[Date "2023.07.16"]
[Round "6.1"]
[White "Prohaszka, P2."]
[Black "Praggnanandhaa, R.."]
[Result "0-1"]
[WhiteElo "2585"]
[BlackElo "2690"]
[PlyCount "124"]
[EventDate "2023.07.11"]

1. d4 Nf6 2. c4 e6 3. Nc3 Bb4 4. e3 O-O 5. Bd2 d5 6. Nf3 b6 7. cxd5 exd5 8. Bd3 Bd6 9. O-O Re8 10. Nb5 Bf8 11. Ne5 Ba6 12. Be1 c6 13. Nc3 Bxd3 14. Qxd3 Qc8 15. Rc1 Qb7 16. f4 Nbd7 17. Bh4 Rac8 $146 ({RR} 17... b5 18. Nb1 c5 19. Bxf6 c4 20. Qf5 Nxf6 21. Nd2 a5 22. Ndf3 Qc8 23. Qxc8 Raxc8 24. g4 Ne4 25. Nd7 f6 26. Nxf8 Kxf8 27. Ne1 b4 28. f5 c3 29. bxc3 Nxc3 30. Rc2 Rxe3 31. Ng2 Re2 32. Rfc1 {Gut,R (2150)-Georgescu,L (2223) Switzerland SUI 2025 ½-½ (69)}) 18. a3 a5 19. g4 c5 20. Bxf6 Nxf6 21. g5 Ne4 22. dxc5 Nxc3 23. c6 Rxc6 24. Nxc6 Rxe3 25. Qxe3 Bc5 26. Rxc3 Bxe3+ 27. Rxe3 Qxc6 28. Rd1 Qc5 29. Kf2 h6 30. Rd2 Qc4 31. Rf3 h5 32. g6 fxg6 33. Kg2 Qe4 34. Kf2 Kf7 35. Rfd3 Qh1 36. Rxd5 Qxh2+ 37. Kf3 Qh3+ 38. Kf2 Qh4+ 39. Kg2 Qg4+ 40. Kf1 Qf3+ 41. Kg1 Kg8 42. R5d4 Qg3+ 43. Kf1 h4 44. R2d3 Qg4 45. Rd8+ Kh7 46. Rf8 g5 47. fxg5 Qxg5 48. Rf2 Qb5 49. Rfd2 g5 50. Kg2 Kg6 51. Rd6+ Kh5 52. R6d5 Qc6 53. Kh2 Qc4 54. R5d4 Qf1 55. Rd8 Qf4+ 56. Kh1 h3 57. Kg1 Qe5 58. R8d7 Qe4 59. Kh2 g4 60. R7d5+ Kh4 61. R5d3 Qe5+ 62. Kg1 Qe1+ 0-1

[Event "Tata Steel-A 84th"]
[Site "Wijk aan Zee"]
[Date "2022.01.20"]
[Round "5"]
[White "Rapport, Richard"]
[Black "Praggnanandhaa, Rameshbabu"]
[Result "1-0"]
[WhiteElo "2763"]
[BlackElo "2612"]
[PlyCount "111"]
[EventDate "2022.01.15"]
[EventType "tourn"]
[EventRounds "13"]
[EventCountry "NED"]
[EventCategory "20"]
[SourceTitle "CBM 206"]
[Source "ChessBase"]
[SourceDate "2022.02.28"]
[SourceVersion "1"]
[SourceVersionDate "2022.02.28"]
[SourceQuality "1"]

1. d4 {Krasenkow,Michal} Nf6 2. c4 e6 3. Nc3 Bb4 4. Qc2 O-O 5. a3 Bxc3+ 6. Qxc3 d5 7. Bg5 c5 8. dxc5 d4 9. Qg3 ({RR} 9. Qf3 Nbd7 ({RR} 9... Nc6 10. O-O-O e5 11. Bxf6 Qxf6 12. Qxf6 gxf6 13. e3) 10. e3 h6 ({RR} 10... e5 {RR} 11. O-O-O ({RR} 11. exd4 exd4 12. O-O-O Nxc5) 11... e4) 11. Bxf6 Nxf6 12. O-O-O e5 13. Ne2 Bg4 ({RR} 13... d3 14. Nc3 Bg4 15. Rxd3 Qa5 16. Qg3 ({RR} 16. Qxb7) 16... Qxc5 17. e4 Be6) 14. Qg3 ({RR} 14. Qxb7 Rb8 15. Qxa7 ({RR} 15. Qc6 Qa5) 15... Ne4) 14... Ne4 ({RR} 14... d3 15. f3 Be6 16. Nc3 Qc7 17. Bxd3 Qxc5 18. Kb1 Rfd8 ({RR} 18... Rfe8)) 15. Qxg4 Nxf2 16. Qf3 Nxd1 17. exd4 Nxb2 18. Kxb2 Rc8 ({RR} 18... exd4 19. Nf4 Re8 20. Bd3 Re3 21. Qd1) 19. d5 Rxc5 20. Nc3 ({RR} 20. Nc1 b5 21. Nb3 Rxc4 ({RR} 21... bxc4 22. Nxc5 Qb6+ 23. Nb3 cxb3 24. Bd3) 22. Bxc4 bxc4 23. Na1 Qb6+ 24. Ka2 Rb8 25. Qc3) 20... b5 21. Be2 ({RR} 21. cxb5 Qg5) ({RR} 21. Ne4 Rc8 ({RR} 21... Rc7 22. d6) 22. cxb5 f5 23. Nc3) 21... bxc4 22. Ka2 f5 23. Rb1 Qg5 {Carlsen,M (2847)-Aronian,L (2781) chess24.com INT 2021 CBM 201 [Krasenkow,Michal] 1-0 (75)}) ({RR} 9. Qc2 e5 10. e3 h6 11. Bh4 Qe7 12. Be2 Re8 13. Rd1 a5) ({RR} 9. Qf3 Nbd7 10. e3 h6 11. Bxf6 Nxf6 12. O-O-O e5 13. Ne2 d3 14. Nc3 Bg4 15. Rxd3 Qa5 16. Qg3 Qxc5 17. Rd2 Be6 18. b4 Qc8 19. Qxe5 Bxc4 20. Kb2 a5 21. b5 Bxf1 22. Rxf1 Qc4 23. Rc1 a4 {Vidit,S (2727)-Praggnanandhaa,R (2612) Wijk aan Zee 2022 0-1 (78)}) 9... Nbd7 10. Nf3 e5 ({RR} 10... Nxc5 11. Qe5 Nfd7 12. Bxd8 Nxe5 13. Be7 Nxf3+ 14. exf3 Nb3 15. Bxf8 Nxa1 16. Bd6 Nb3 17. c5 Bd7 18. Bc4 Ba4 19. Ke2 Rc8 20. Bxb3 Bxb3 21. Rc1 e5 22. Kd3 f6 23. f4 Re8 24. fxe5 fxe5 25. Re1 {Umetsubo,C (2360)-Stapenhorst,M (2024) Florianopolis BRA 2025 ½-½ (77)}) 11. Rd1 $146 ({RR} 11. O-O-O Re8 12. e3 d3 13. Rxd3 Qc7 14. Nd2 Qxc5 15. Kb1 Qc6 16. f3 h6 17. Bxf6 Nxf6 18. Be2 Bf5 19. e4 Be6 20. Qf2 Nd7 21. Rc1 b6 22. Nf1 f5 23. Ng3 f4 24. Nf5 Bxf5 25. exf5 Nc5 {Chan Peng Kong (2149)-Gustafsson,J (2638) Chiang Mai THA 2022 0-1 (46)}) ({RR} 11. e3 Re8 12. O-O-O Nxc5 13. Nxe5 Bf5) ({RR} 11. Nxe5 Nxc5 12. Nd3 Nce4 13. Bxf6 Nxf6 14. e3 Re8 15. O-O-O dxe3 16. fxe3 Bg4) 11... Re8 12. b4 a5 13. Nd2 axb4 14. axb4 Kf8 15. Qb3 h6 16. Bh4 e4 17. e3 d3 18. h3 g5 19. Bg3 Ne5 20. Qb2 Qe7 21. Ra1 Rxa1+ 22. Qxa1 Bf5 23. Bxe5 Qxe5 24. Qxe5 Rxe5 25. g4 Bg6 26. Bg2 Re8 27. Nb1 Nd7 28. Kd2 Ra8 29. Kc3 Ra2 30. Rd1 Rxf2 31. Rd2 Rf6 32. Kd4 Re6 33. Nc3 Nf6 34. b5 Kg7 35. Ra2 h5 36. gxh5 Bf5 37. Rb2 Kh6 38. Rf2 Bh7 39. Nd5 Nxh5 40. Rxf7 d2 41. Nc3 Ng3 42. Nd1 Ne2+ 43. Kd5 Re8 44. Kd6 Bg6 45. Rd7 Nf4 46. Kc7 Nxg2 47. Rxd2 Ne1 48. Kxb7 Nd3 49. c6 Bf5 50. c7 Re5 51. Nb2 Nc5+ 52. Kc6 Nb3 53. Rd8 Rc5+ 54. Kd6 g4 55. hxg4 Bxg4 56. b6 1-0

[Event "FRA-chT Top 12"]
[Site "Brest"]
[Date "2019.05.19"]
[Round "2.3"]
[White "Santos Ruiz, Miguel"]
[Black "Praggnanandhaa, Rameshbabu"]
[Result "1/2-1/2"]
[WhiteElo "2549"]
[BlackElo "2536"]
[Annotator "ChessBase II"]
[PlyCount "42"]
[EventDate "2019.05.18"]
[EventType "team-tourn"]
[EventRounds "11"]
[EventCountry "FRA"]
[SourceTitle "CBM 190 Extra"]
[Source "ChessBase"]
[SourceDate "2019.07.15"]
[SourceVersion "1"]
[SourceVersionDate "2019.07.15"]
[SourceQuality "1"]
[WhiteTeam "Grasse echecs"]
[BlackTeam "Cannes"]
[WhiteTeamCountry "FRA"]
[BlackTeamCountry "FRA"]
[TimeControl "40/5400+30:1800+30"]

1. c4 {[%emt 0:00:00]} Nf6 {[%emt 0:00:18]} 2. Nc3 {[%emt 0:00:04]} e6 {[%emt 0:00:06]} 3. d4 {[%emt 0:00:21]} Bb4 {[%emt 0:00:16]} 4. Qc2 {[%emt 0:00:08]} c5 {[%emt 0:00:41]} (4... O-O) (4... d5) 5. dxc5 {[%emt 0:00:43]} Bxc5 {[%emt 0:00:13]} 6. Nf3 {[%emt 0:00:51]} Qc7 {[%emt 0:00:18]} (6... Nc6) (6... Qb6) 7. e3 {[%emt 0:10:43] L'espagnol est déjà sorti de sa préparation} a6 {[%emt 0:03:16]} 8. Be2 {[%emt 0:08:00]} (8. b3 Be7 9. Bb2 d6 10. Be2 Nbd7 11. g4 h6 12. Rg1 g5 13. O-O-O b6 14. Kb1 Bb7 15. Nd4 Nc5 16. f3 O-O-O 17. Ka1 Kb8 18. Rc1 Ncd7 19. Rgd1 Ne5 20. h3 Ka8 21. f4 Ned7 22. f5 e5 23. Nf3 Nc5 24. Nd5 Nxd5 25. cxd5 Qb8 26. b4 Nd7 27. Qa4 Ka7 28. Bxa6 Bxa6 29. b5 Qb7 30. bxa6 Qb8 31. Rc6 Nc5 32. Qb5 Rc8 33. Nd2 Rxc6 34. dxc6 Rc8 35. Ba3 Qc7 36. Bxc5 bxc5 37. Rb1 Qxc6 {Eljanov,P (2742)-Gelfand,B (2741) Moscow 2010 1-0}) (8. a3) 8... b6 {[%emt 0:04:30]} ({RR} 8... Be7 9. O-O d6 10. b3 O-O 11. Bb2 Nbd7 12. Rac1 b6 13. Rfd1 {½-½ (13) Gustafsson,J (2535)-Palac,M (2578) Panormo 2001}) 9. O-O {[%emt 0:05:46]} Bb7 {[%emt 0:00:47]} 10. b3 {[%emt 0:03:13]} Be7 {[%emt 0:17:08]} 11. Bb2 {[%emt 0:02:35]} d6 {[%emt 0:01:07]} 12. Rfd1 {[%emt 0:13:38]} Nbd7 {[%emt 0:01:20]} 13. Rac1 {[%emt 0:02:22]} O-O {[%emt 0:02:16]} 14. Qd2 $146 {[%emt 0:06:01]} ({RR} 14. Rd2 Rac8 15. Qd1 Rfd8 16. Nd4 Qb8 17. Bf3 Nc5 18. Bxb7 Qxb7 19. Qf3 Nfe4 20. Nxe4 Qxe4 21. Ne2 Qxf3 22. gxf3 Kf8 23. Ng3 Bf6 24. Ba3 g6 25. Ne4 Be7 26. Rcd1 Rc6 27. Kf1 Nb7 28. Bb2 f5 {Kishan,G (2059)-Laxman,R (2372) New Delhi IND 2022 ½-½ (47)}) 14... Rac8 {[%emt 0:05:48]} 15. Qd4 {[%emt 0:00:42]} Rfd8 {[%emt 0:13:33]} 16. Qf4 {[%emt 0:10:31]} Qb8 {[%emt 0:05:23]} 17. h3 {[%emt 0:02:28]} h6 {[%emt 0:05:38]} 18. Qg3 {[%emt 0:04:51]} Nh5 $5 {[%emt 0:02:44]} 19. Qh2 {[%emt 0:00:12]} Nhf6 {[%emt 0:00:39]} 20. Qg3 {[%emt 0:00:13]} Nh5 {[%emt 0:01:08]} 21. Qh2 {[%emt 0:00:05]} Nhf6 {[%emt 0:00:04]} 1/2-1/2

[Event "FIDE Grand Swiss"]
[Site "Riga"]
[Date "2021.10.27"]
[Round "1"]
[White "Sargissian, Gabriel"]
[Black "Praggnanandhaa, Rameshbabu"]
[Result "1/2-1/2"]
[WhiteElo "2664"]
[BlackElo "2618"]
[PlyCount "87"]
[EventDate "2021.10.27"]
[EventType "swiss"]
[EventRounds "11"]
[EventCountry "LAT"]
[SourceTitle "CBM 205"]
[Source "ChessBase"]
[SourceDate "2021.11.30"]
[SourceVersion "1"]
[SourceVersionDate "2021.11.30"]
[SourceQuality "1"]

1. d4 Nf6 2. c4 e6 3. Nc3 Bb4 4. e3 O-O 5. Bd3 d5 6. a3 Bxc3+ 7. bxc3 dxc4 8. Bxc4 c5 9. Ne2 Qc7 10. Ba2 b6 11. O-O Ba6 12. Bb2 Nc6 13. Rc1 Rfd8 14. c4 cxd4 15. exd4 Na5 16. d5 Bxc4 17. Bxc4 Nxc4 18. Bxf6 gxf6 19. Ng3 exd5 20. Qg4+ $146 ({RR} 20. Nh5 Kh8 21. Re1 Qd6 22. Qd4 Ne5 23. Qf4 Rg8 24. Nxf6 Rg6 25. Nh5 Re8 26. Qd4 f6 27. Re3 Reg8 28. Nf4 Rg4 29. g3 Ng6 30. Nxg6+ R4xg6 31. Rce1 Rg4 32. Qd3 d4 33. Re6 Qd8 34. h3 R4g5 {Parligras,M (2591)-Gavrilescu,D (2477) Reykjavik 2021 1-0 (43)}) 20... Kh8 21. Rfe1 Rg8 22. Qd4 Qd8 23. Nf5 Ne5 24. Kh1 Rc8 25. Rxc8 Qxc8 26. Ne7 Qg4 27. Qxd5 Re8 28. Nc6 Qf4 29. f3 Rc8 30. Nxe5 Qxe5 31. Qd1 Qb2 32. Qd6 Qc3 33. Rd1 Re8 34. h4 Qe5 35. Qxe5 Rxe5 36. Rd7 Ra5 37. Rxf7 Rxa3 38. Rxf6 Kg7 39. Rc6 b5 40. Rc7+ Kg6 41. h5+ Kh6 42. Rc6+ Kg7 43. Rc7+ Kh6 44. Rc6+ 1/2-1/2

[Event "Meltwater Tour Final 2022"]
[Site "chess24.com INT"]
[Date "2022.11.17"]
[Round "4.4"]
[White "So, W.."]
[Black "Praggnanandhaa, R.."]
[Result "1/2-1/2"]
[WhiteElo "2760"]
[BlackElo "2678"]
[PlyCount "69"]
[EventDate "2022.11.14"]

1. d4 Nf6 2. c4 e6 3. Nc3 Bb4 4. Qc2 O-O 5. e4 d6 6. e5 dxe5 7. dxe5 Ng4 8. Nf3 Nc6 9. Bf4 Nd4 10. Qd2 c5 11. h3 Nxf3+ 12. gxf3 Qxd2+ 13. Kxd2 Rd8+ $146 ({RR} 13... Nh6 14. Bxh6 gxh6 15. Ke3 Bxc3 16. Rg1+ Kh8 17. bxc3 Bd7 18. Bd3 f5 19. exf6 Rxf6 20. Be4 e5 21. Rg3 Raf8 22. Bxb7 h5 23. h4 Rf4 24. Bd5 Bf5 {½-½ (24) Stella,A (2431)-Safarli,E (2610) Figueira da Foz POR 2023}) 14. Kc2 Rd4 15. hxg4 Rxf4 16. Rd1 Ba5 17. Rh3 h6 18. b3 Rd4 19. Rxd4 cxd4 20. Nb5 Bb6 21. Bd3 Bd7 22. Nd6 Bc6 23. Be4 Rd8 24. Kd3 f6 25. Nxb7 Bxe4+ 26. fxe4 Rd7 27. c5 Rxb7 28. cxb6 fxe5 29. Rh5 axb6 30. Rxe5 Rf7 31. Rxe6 b5 32. g5 hxg5 33. Rg6 Rxf2 34. Rxg5 Rxa2 35. Rxb5 1/2-1/2

[Event "Reykjavik Kvika op"]
[Site "Reykjavik"]
[Date "2022.04.09"]
[Round "5"]
[White "Steingrimsson, Hedinn"]
[Black "Praggnanandhaa, Rameshbabu"]
[Result "1/2-1/2"]
[WhiteElo "2538"]
[BlackElo "2624"]
[PlyCount "66"]
[EventDate "2022.04.06"]
[EventType "swiss"]
[EventRounds "9"]
[EventCountry "ISL"]
[SourceTitle "CBM 207 Extra"]
[Source "ChessBase"]
[SourceDate "2022.05.31"]
[SourceVersion "1"]
[SourceVersionDate "2022.05.31"]
[SourceQuality "1"]

1. d4 Nf6 2. c4 e6 3. Nc3 Bb4 4. Qc2 O-O 5. a3 Bxc3+ 6. Qxc3 d6 7. f3 b6 8. e4 c5 9. d5 ({RR} 9. dxc5 bxc5 10. Bg5 Nc6 11. Bxf6 Qxf6 12. Qxf6 gxf6 13. Ne2 Rb8 14. O-O-O Rd8 15. Nc3 a6 16. Bd3 Kg7 17. Bc2 Nd4 18. Rd2 e5 19. Ne2 Nc6 20. Rhd1 Na5 21. Rxd6 Rxd6 22. Rxd6 Be6 23. Rxa6 Nxc4 {Papasimakopoulos,A (2416)-Bjerre,J (2637) chess.com INT 2023 0-1 (40)}) 9... b5 10. dxe6 Bxe6 11. cxb5 Nbd7 $146 ({RR} 11... a6 12. bxa6 Qb6 13. Bg5 Nfd7 14. Rd1 Nxa6 15. Ne2 Nc7 16. Ng3 Rfb8 17. Rd2 d5 18. Bf4 d4 19. Qc1 Rc8 20. Bc4 Bxc4 21. Qxc4 Ne6 22. Ne2 Nxf4 23. Nxf4 Ne5 24. Qd5 Re8 25. O-O Rad8 26. Qa2 {Borsuk,K (2401)-Vrolijk,L (2480) Chess.com INT 2020 0-1 (31)}) 12. Ne2 d5 13. Nf4 Re8 14. Bd2 dxe4 15. Nxe6 Rxe6 16. Bc4 exf3+ 17. Bxe6 f2+ 18. Ke2 fxe6 19. Bg5 Qe8 20. Bxf6 Nxf6 21. Qc4 Rd8 22. Kxf2 Rd2+ 23. Kg1 Qa8 24. Qxe6+ Kh8 25. Qc6 Qd8 26. h3 Qd4+ 27. Kh2 Qe5+ 28. Kg1 h6 29. Rf1 Qd4+ 30. Kh2 Qe5+ 31. Kg1 Qe3+ 32. Kh2 Qe5+ 33. Kg1 Qd4+ 1/2-1/2

[Event "Airthings Masters Div 3 W"]
[Site "chess.com INT"]
[Date "2023.02.06"]
[Round "1.2"]
[White "Tabatabaei, M.."]
[Black "Praggnanandhaa, R.."]
[Result "1/2-1/2"]
[WhiteElo "2677"]
[BlackElo "2690"]
[PlyCount "120"]
[EventDate "2023.02.06"]

1. d4 Nf6 2. c4 e6 3. Nc3 Bb4 4. e3 O-O 5. Bd2 c5 6. a3 Bxc3 7. Bxc3 Ne4 8. Ne2 b6 9. d5 Bb7 10. f3 Nxc3 11. Nxc3 exd5 12. Nxd5 $146 ({RR} 12. cxd5 d6 13. Bd3 c4 14. Bc2 Nd7 15. O-O Re8 16. Qd4 Nc5 17. Rae1 Ba6 18. Rf2 Rc8 19. Qf4 Nd3 20. Bxd3 cxd3 21. Rd2 Bc4 22. Qd4 Qc7 23. e4 Qe7 24. Nd1 Qg5 25. Ne3 b5 26. Rf2 Qe5 {Baranov,J (2147)-Tomilova,E (2256) Evpatoria 2021 0-1 (82)}) ({RR} 12. cxd5 d6 13. e4 a6 14. Bd3 b5 15. Qd2 Nd7 16. O-O Qf6 17. Kh1 Ne5 18. Be2 g5 19. Nd1 Ng6 20. Ne3 Bc8 21. g3 Bh3 22. Rf2 Rac8 23. Bf1 Bd7 24. Bg2 c4 25. Rc1 Ne5 26. Qd4 Qg7 {Anton Guijarro,D (2675)-Nakamura,H (2736) chess24.com INT 2020 0-1 (60)}) ({RR} 12. cxd5 d6 13. Qd2 Nd7 14. Be2 a6 15. a4 f5 16. O-O-O Qe7 17. Rhe1 Rae8 18. e4 fxe4 19. Nxe4 Nf6 20. Nc3 Qe3 21. Qxe3 Rxe3 22. Bd3 Rxe1 23. Rxe1 Bc8 24. Kd2 Kf7 25. Rb1 a5 26. Nb5 Rd8 {Badacsonyi,S (2266)-Adams,H (1991) Hastings ENG 2025 ½-½ (33)}) 12... Re8 13. Kf2 Na6 14. Be2 Nc7 15. e4 f5 16. Nxc7 Qxc7 17. exf5 Qf4 18. Re1 Qxh2 19. Bf1 d6 20. Qd2 h6 21. Rad1 Qh4+ 22. Kg1 Rxe1 23. Rxe1 Rd8 24. Re6 d5 25. f6 Bc8 26. Rc6 gxf6 27. cxd5 Bb7 28. Rc7 Bxd5 29. Rxa7 f5 30. Qc3 Bf7 31. Rb7 Rd6 32. Qe5 Qf6 33. Qxf6 Rxf6 34. Kf2 f4 35. Bd3 Rd6 36. Ke2 h5 37. Re7 Kf8 38. Re5 Rf6 39. Be4 Kg7 40. Re7 Kh6 41. Rd7 Kg5 42. Kf2 Kh6 43. Rc7 Kg5 44. b4 cxb4 45. axb4 Kh6 46. b5 Be8 47. Bc6 Bg6 48. Rb7 Bd3 49. Ke1 Rd6 50. Kf2 Re6 51. Kg1 Bc4 52. Kh2 Bf1 53. Kg1 Bc4 54. Rb8 Rf6 55. Rh8+ Kg5 56. Rb8 Kh6 57. Kh2 Bf1 58. Rh8+ Kg5 59. Kg1 Bc4 60. Rb8 Kh6 1/2-1/2

[Event "Voronezh op-A 21st"]
[Site "Voronezh"]
[Date "2017.06.14"]
[Round "3"]
[White "Timofeev, Artyom"]
[Black "Praggnanandhaa, Rameshbabu"]
[Result "1/2-1/2"]
[WhiteElo "2561"]
[BlackElo "2467"]
[PlyCount "80"]
[EventDate "2017.06.12"]
[EventType "swiss"]
[EventRounds "9"]
[EventCountry "RUS"]
[SourceTitle "EXT 2018"]
[Source "ChessBase"]
[SourceDate "2017.10.13"]
[SourceVersion "1"]
[SourceVersionDate "2017.10.13"]
[SourceQuality "1"]

1. d4 Nf6 2. c4 e6 3. Nc3 Bb4 4. e3 O-O 5. Nf3 d5 6. Bd3 c5 7. O-O cxd4 8. exd4 dxc4 9. Bxc4 b6 10. Qe2 Bb7 11. Rd1 Bxc3 12. bxc3 Qc7 13. Bd3 Qxc3 14. Bb2 Qb4 ({RR} 14... Qc7 15. Rac1 Qd8 16. Ne5 Qd5 17. f3 Nc6 18. Be4 Nxe4 19. fxe4 Qd6 20. Nc4 Qe7 21. Ba3 Nb4 22. Qd2 a5 23. Nxb6 Rab8 24. d5 Bxd5 25. exd5 Rxb6 26. d6 Qa7 27. Qf2 Rd8 28. d7 Qa6 29. Rc8 {Panjwani,R (2443)-Boder,J (2313) Karlsruhe GER 2025 1-0}) 15. d5 Nbd7 16. dxe6 ({RR} 16. Ne5 Bxd5 17. Nxd7 Nxd7 18. Bxh7+ Kxh7 19. Qh5+ Kg8 20. Bxg7 Kxg7 21. Qg5+ Kh8 22. Rd3 Qe4 23. Rh3+ Qh7 24. Rxh7+ Kxh7 25. Rd1 Rg8 26. Qh5+ Kg7 27. Rxd5 exd5 28. Qg4+ Kf6 29. Qxd7 Rgd8 30. Qg4 d4 {Timofeev,A (2641)-Smirnov,P (2592) Samara 2012 ½-½ (36)}) 16... Bxf3 17. Qxf3 $146 ({RR} 17. exf7+ Kh8 18. gxf3 Rxf7 19. Qd2 Qh4 20. Rac1 Nh5 21. Bf1 Nc5 22. Qd5 Raf8 23. Re1 Nf6 24. Qf5 Nfd7 25. Qg4 Qxg4+ 26. fxg4 Rxf2 27. Ba1 Rxa2 28. Re7 Nf6 29. Bc4 Ra4 30. g5 Nh5 31. Be5 Rxc4 {Vedmediuc,S (2459)-Ciorgovean,I (2158) Arad 2017 1-0 (40)}) 17... Qxb2 18. exd7 Nxd7 19. Bxh7+ Kxh7 20. Qh3+ Kg8 21. Qxd7 Rfe8 22. a4 Re2 23. Rac1 g6 24. Rf1 Rae8 25. h3 R2e7 26. Qc6 Qd2 27. g3 Qd7 28. Kg2 Qxc6+ 29. Rxc6 Rd8 30. a5 bxa5 31. Ra6 Rd5 32. Ra1 Kg7 33. R1xa5 Rxa5 34. Rxa5 Rb7 35. Ra6 Rc7 36. Ra5 Rb7 37. Ra6 Rc7 38. Ra5 Rb7 39. Re5 Rc7 40. Ra5 Rb7 1/2-1/2